Top 10 Norwich City Premier League Appearances - Statistics

General Stats
  • This quiz has been taken 31 times
  • The average score is 4 of 10
Answer Stats
Player Apps % Correct
John Ruddy 117
64%
Russell Martin 125
55%
Wes Hoolahan 112
55%
Jonny Howson 104
45%
Alexander Tettey 101
41%
Bryan Gunn 104
41%
Bradley Johnson 101
32%
Mark Bowen 119
18%
Ian Crook 106
14%
John Polston 96
14%
No matching quizzes found
Score Distribution
Percent of People with Each Score
Percentile by Number Answered
Your Score History
You have not taken this quiz